000
00233nam a22000857a 4500
008
160915b xxu||||| |||| 00| 0 eng d
100
_9
538
_a
Gupta.S.K.
245
_a
Composide Mathematics-8
260
_a
New Delhi
_b
S. Chand Publications
_c
2011
999
_c
3195
_d
3195